Základy účetní evidence

Gespeichert in:
Bibliographische Detailangaben
1. Verfasser: Fiala, J.
Format: Buch
Sprache:Tschechisch
Veröffentlicht: Praha Orbis 1955
Tags: Tag hinzufügen
Keine Tags, Fügen Sie das erste Tag hinzu!

MARC

LEADER 00000nam a2200000 4500
001 c123012
005 20041019155227.0
041 0 |a cze 
044 |a CZ 
245 1 0 |a Základy účetní evidence  |c J. Fiala 
264 1 |a Praha  |b Orbis  |c 1955 
300 |a 330 s. 
100 1 |a Fiala, J.